Normal view
MARC view
Entry Personal Name
001 - CONTROL NUMBER
- control field: 6544
003 - CONTROL NUMBER IDENTIFIER
- control field: ARRUPE
005 - DATE AND TIME OF LATEST TRANSACTION
- control field: 20140113120852.0
008 - FIXED-LENGTH DATA ELEMENTS
- fixed length control field: 140113|| aca||aabn | a|a d
040 ## - CATALOGING SOURCE
- Original cataloging agency: ARRUPE
- Transcribing agency: ARRUPE
100 ## - HEADING--PERSONAL NAME
- Personal name: Great Britain. War Office
670 ## - SOURCE DATA FOUND
- Source citation: Work cat.: (ARRUPE): Great Britain. War Office, Destruction of an army, 1941